00874nam a2200241 a 450000100060000000300080000600500170001400800410003103500190007204000270009104100080011808200240012610000310015024501320018126000440031330000250035750000200038265100330040270000310043594200120046699900170047895201370049565698BD-RjUL20211209081444.0170309s1955 ii b 001 0 eng  a(BD-RjUL)65828 aDLCcCCCdBD-RjULbeng aeng a915.4223bCHS 19551 aChopra, Pran Nath.917210710aSome aspects of society & culture during the Mughal age, 1526-1707 /cPran Nath Chopra and With a foreword by A. L. Srivastava. aAgra :bAgra Shiva Lal Agarwala,c1955. aiv, 204 p. ;c23 cm. aIncludes index  0aIndiaxCivilization.9170903 aSrivastava, A. L. 9194314 2ddccBK c65698d65698 00102ddc40718NFICaRUCLbRUCLcReadingd1962-10-30eNoor sonsg8.96l0o915.4 CHS 1955r2017-03-09 00:00:00tC-1w2017-03-09yBK